000 00505nam a22001817a 4500
003 LK-CoDNM
005 20250107101647.0
008 241220b |||||||| |||| 00| 0 eng d
040 _aLK-CoDNM
_dLK-CoDNM
_eLK-CoDNM
041 _aeng
080 _a4
_bF10
100 _aBOULENGER,GEORGE ALBERT
245 _aCATALOGUE OF THE BATRACHIA SALIENTIA S. ECAUDTA IN THE COLLECTION BRITISH MUSEUM
260 _c1882
_aLONDON
300 _axvi, 503P. : 29 ill ; 24 cm
650 _ascience
942 _cBK
999 _c235184
_d235184